Estado y reforma energética en México /
Guardat en:
| Autor principal: | |
|---|---|
| Format: | Llibre |
| Idioma: | Spanish |
| Etiquetes: |
Afegir etiqueta
Sense etiquetes, Sigues el primer a etiquetar aquest registre!
|
MARC
| LEADER | 00000nam a22000007a 4500 | ||
|---|---|---|---|
| 003 | cru CIDCACS/IIS | ||
| 005 | 20170419152146.0 | ||
| 007 | ta | ||
| 008 | 170419e2015 mx ||||| |||| 00| 0 spa d | ||
| 040 | |c cru CIDCACS/IIS | ||
| 100 | 1 | |9 4187 |a Merchand, Marco A. | |
| 245 | 1 | |a Estado y reforma energética en México / |c Marco A. Merchand | |
| 300 | |a páginas 117-139 | ||
| 773 | 0 | |0 19182 |9 635 |a UNAM. |d México, D.F.: UNAM |o R19250 |t Problemas del desarrollo: |x 03017036 | |
| 942 | |2 ddc |c PP | ||
| 999 | |c 19185 |d 19185 | ||
